000 03116nam a22003857a 4500
005 20100629141657.0
010 _aHIN-89588 B-433600-608
020 _a9789350002490
_c595.00
035 _aHN-61934
035 _aB-433600-608
037 _bDBAD / PUB
037 _bबल्यू बैरी
082 _a
100 _aमहाजन, कविता
_929891
245 _aचूँ /
_cकविता महाजन; स्मिता दात्ये द्वारा अनुदित
246 _aChoon/
_bby Kavita Mahajan; ed. by Smita Datyai
260 _aनई दिल्ली
_bवाणी प्रकाशन
_c2010
270 _a4695,21-ए, दरियागंज
_bनई दिल्ली
_e110002
300 _a436पृ
_c22सेमी (सजिल्द)
650 _aहिन्दी कथा साहित्य
_9657
650 _ahindi fiction
_929892
700 _aदात्ये, स्मिता
_919663
942 _2ddc
_cHN
_mमहाज
_h
999 _c36776
_d36776